000 00223 a2200097 4500
001 13292
100 _aHenry,A
245 _aSMS and MMS Interworking in Mobile Networks
260 _a
_bArtech House
_c
090 _c10296
_d10296
942 _aNUST-CAE
_cM
_c332
999 _c248365
_d248365